Modern-Day Countries Bordering the USSR - Statistics

General Stats
  • This quiz has been taken 46 times
  • The average score is 11 of 12
Answer Stats
Country % Correct
Poland
100%
Afghanistan
97%
China
97%
Finland
95%
Mongolia
95%
Turkey
95%
Iran
92%
North Korea
92%
Norway
92%
Romania
92%
Slovakia
87%
Hungary
84%
No matching quizzes found
Score Distribution
Percent of People with Each Score
Percentile by Number Answered
Your Score History
You have not taken this quiz